000 00263nam a2200109Ia 4500
001 1268545
005 20260417145252.0
008 260417s9999 xx 000 0 und d
020 _a9786256910089
245 0 _aAra Güler
_cBeliz Yüksel
260 _bKetebe Çocuk
999 _c1268545
_d1268545